[Event "POHÃ�R mÄ›sta Å˜Ã­Ä�any 2021"]
[Site "MÄ›stskÃ© kulturnÃ­ stÅ™edisko U labutÄ›"]
[Date "2021.08.27"]
[Round "8.1"]
[White "Rut, Vojtech"]
[Black "Taborsky, Rostislav"]
[Result "1/2-1/2"]
[WhiteElo "2061"]
[BlackElo "2090"]
[PlyCount "0"]
[EventDate "2021.08.21"]

1. e4 c5 2. Nf3 e6 3. d3 Nc6 4. c3 d5 5. Qe2 Be7 6. g3 Nf6 7. e5 Nd7 8. Bg2 b6
9. h4 Bb7 10. O-O h6 11. h5 Qc7 12. Re1 O-O-O 13. c4 dxc4 14. dxc4 g6 15. hxg6
fxg6 16. Nc3 a6 17. Nd5 exd5 18. cxd5 Ncxe5 19. Nxe5 Nxe5 20. Qxe5 Qxe5 21. Rxe5
Bd6 22. Re6 g5 23. Bd2 Kc7 24. Bc3 Rh7 25. Rae1 Bc8 26. Rf6 Rf8 27. Rxf8 Bxf8
28. Re8 Bd6 29. Bf6 Bf5 30. Bd8+ Kb7 31. Bf6 b5 32. Rd8 Kc7 33. Rg8 c4 34. Bd8+
Kb7 35. a3 Rf7 36. Ba5 Re7 37. Rd8 Rd7 38. Rh8 Rh7 39. Rd8 Rd7 40. Rh8 Rh7
1/2-1/2

[Event "POHÃ�R mÄ›sta Å˜Ã­Ä�any 2021"]
[Site "MÄ›stskÃ© kulturnÃ­ stÅ™edisko U labutÄ›"]
[Date "2021.08.27"]
[Round "8.2"]
[White "Petr, Jakub"]
[Black "Vojta, Tomas"]
[Result "1/2-1/2"]
[WhiteElo "2236"]
[BlackElo "2312"]
[PlyCount "0"]
[EventDate "2021.08.21"]

1. e4 d5 2. exd5 Nf6 3. d4 Bg4 4. Nf3 Qxd5 5. Nc3 Qd6 6. h3 Bh5 7. g4 Bg6
8. Bg2 c6 9. Be3 Nbd7 10. Qe2 e6 11. Ne5 Qb4 12. O-O-O Nxe5 13. dxe5 Nd5
14. Bxd5 exd5 15. f4 h6 16. f5 Bh7 17. Rd4 Qe7 18. Rhd1 O-O-O 19. Bf4 Qc7 20. e6
Bd6 21. Bxd6 Rxd6 22. Ne4 Rdd8 23. Nc5 Qd6 24. b4 Rhe8 25. Qd2 Bg8 26. exf7 Bxf7
27. Qc3 Re7 28. Kb2 Kb8 29. R4d3 Bg8 30. Re3 Rxe3 31. Qxe3 d4 32. Qe4 b6 33. Nb3
Bxb3 34. axb3 Kc7 35. Re1 Qxb4 36. Qe5+ Kc8 37. Qe6+ Kc7 1/2-1/2

[Event "POHÃ�R mÄ›sta Å˜Ã­Ä�any 2021"]
[Site "MÄ›stskÃ© kulturnÃ­ stÅ™edisko U labutÄ›"]
[Date "2021.08.27"]
[Round "8.3"]
[White "Hollan, Petr"]
[Black "Horak, Jan"]
[Result "1/2-1/2"]
[WhiteElo "2318"]
[BlackElo "2143"]
[PlyCount "0"]
[EventDate "2021.08.21"]

1. e4 e6 2. d4 d5 3. Nd2 Nf6 4. e5 Nfd7 5. c3 c5 6. Bd3 Nc6 7. Ngf3 g5 8. h3
Be7 9. a3 c4 10. Bc2 b5 11. b3 Nb6 12. a4 b4 13. a5 bxc3 14. axb6 cxd2+ 15. Bxd2
cxb3 16. Bxb3 Qxb6 17. Ba4 Bd7 18. Bxc6 Bxc6 19. Bxg5 Bxg5 20. Nxg5 Qb4+ 21. Kf1
h6 22. Qh5 Qe7 23. h4 Bb5+ 24. Kg1 Bd3 25. Nh3 Bf5 26. Nf4 {neèitelné} 1/2-1/2

[Event "POHÃ�R mÄ›sta Å˜Ã­Ä�any 2021"]
[Site "MÄ›stskÃ© kulturnÃ­ stÅ™edisko U labutÄ›"]
[Date "2021.08.27"]
[Round "8.4"]
[White "Vitak, Jiri"]
[Black "Hajiyev, Kanan"]
[Result "1/2-1/2"]
[WhiteElo "2221"]
[BlackElo "2124"]
[PlyCount "0"]
[EventDate "2021.08.21"]

1. d4 d5 2. c4 c6 3. Nf3 Nf6 4. Nc3 g6 5. e3 Bg7 6. Be2 O-O 7. O-O Bg4 8. Qb3
Qb6 9. h3 Bxf3 10. Bxf3 e6 11. Bd2 Nbd7 12. cxd5 Qxb3 13. axb3 exd5 14. Rfd1
Rfe8 15. b4 a6 16. Na4 Ne4 17. Nc5 Ndxc5 18. bxc5 f5 19. Ra3 Ng5 20. Be2 Re7
21. Bf1 Rae8 22. Rb3 f4 23. exf4 Ne6 24. Be3 Kf7 25. g3 Bf6 1/2-1/2

[Event "POHÃ�R mÄ›sta Å˜Ã­Ä�any 2021"]
[Site "MÄ›stskÃ© kulturnÃ­ stÅ™edisko U labutÄ›"]
[Date "2021.08.27"]
[Round "8.5"]
[White "Skypala, Ondrej"]
[Black "Novotny, Martin"]
[Result "0-1"]
[WhiteElo "2158"]
[BlackElo "2097"]
[PlyCount "0"]
[EventDate "2021.08.21"]

1. c4 c5 2. Nc3 Nc6 3. g3 g6 4. Bg2 Bg7 5. e3 e5 6. Nge2 Nge7 7. O-O O-O 8. a3
d6 9. Rb1 Be6 10. Nd5 b5 11. Nxe7+ Nxe7 12. cxb5 d5 13. d4 exd4 14. exd4 c4
15. Bg5 Qd7 16. Bxe7 Qxe7 17. Nf4 Qd7 18. Nxe6 Qxe6 19. Re1 Qd7 20. a4 Rac8
21. Qf3 Rfd8 22. Rbd1 Qd6 23. Bh3 Rb8 24. Re2 a6 25. bxa6 Qxa6 26. Re7 Qf6
27. Qxf6 Bxf6 28. Rc7 Rxb2 29. Kg2 Ra2 30. Bd7 c3 31. Bb5 Rd2 32. Rf1 Bxd4
33. a5 Rb8 34. Bc6 Bc5 35. a6 c2 36. a7 Bxa7 37. Ba4 c1=Q 38. Rcxc1 Rbb2
39. Rc8+ Kg7 40. Kh3 Rxf2 41. Rxf2 Rxf2 42. Rc7 Be3 43. Bb3 d4 44. Rd7 h5 45. g4
Rf3+ 46. Kg2 hxg4 0-1

[Event "POHÃ�R mÄ›sta Å˜Ã­Ä�any 2021"]
[Site "MÄ›stskÃ© kulturnÃ­ stÅ™edisko U labutÄ›"]
[Date "2021.08.27"]
[Round "8.6"]
[White "Placer, Sebastian"]
[Black "Vojta, Jakub"]
[Result "0-1"]
[WhiteElo "2129"]
[BlackElo "2150"]
[PlyCount "0"]
[EventDate "2021.08.21"]

1. e4 c5 2. Nf3 Nc6 3. d4 cxd4 4. Nxd4 Nf6 5. Nc3 e5 6. Ndb5 d6 7. Bg5 a6
8. Na3 b5 9. Bxf6 gxf6 10. Nd5 Bg7 11. c3 f5 12. exf5 Bxf5 13. Nc2 O-O 14. Nce3
Be6 15. Bd3 f5 16. Bc2 Ra7 17. Qh5 Raf7 18. g4 Bxd5 19. Nxd5 e4 20. Nf4 b4
21. Ne6 Qa5 22. Nxf8 bxc3 23. O-O Kxf8 24. Bb3 d5 25. Rad1 Nd4 26. gxf5 Nxb3
27. axb3 c2 28. Ra1 Qb5 29. Qg5 Bf6 30. Qf4 Qd3 31. Kh1 Be5 32. Qxe5 Qf3+
33. Kg1 Rg7+ 34. Qxg7+ Kxg7 35. Rxa6 d4 36. Rc6 d3 37. Rc7+ Kf6 38. b4 Qe2
39. Kg2 d2 40. Rc6+ Kg5 41. h4+ Kf4 42. Rxc2 Qxf1+ 0-1

[Event "POHÃ�R mÄ›sta Å˜Ã­Ä�any 2021"]
[Site "MÄ›stskÃ© kulturnÃ­ stÅ™edisko U labutÄ›"]
[Date "2021.08.27"]
[Round "8.7"]
[White "Hejsek, Lukas"]
[Black "Jun, Rudolf"]
[Result "0-1"]
[WhiteElo "1906"]
[BlackElo "2090"]
[PlyCount "0"]
[EventDate "2021.08.21"]

1. d4 Nf6 2. Nf3 g6 3. g3 Bg7 4. Bg2 O-O 5. c4 d6 6. O-O c6 7. Nc3 Qc7 8. h3 a6
9. e4 Nbd7 10. Be3 e5 11. Rc1 b6 12. Qd2 exd4 13. Nxd4 Ne5 14. b3 c5 15. f4 cxd4
16. Bxd4 Nc6 17. Bxf6 Bxf6 18. Nd5 Qd8 19. Nxf6+ Qxf6 20. e5 dxe5 21. fxe5 Qxe5
22. c5 Bb7 0-1

[Event "POHÃ�R mÄ›sta Å˜Ã­Ä�any 2021"]
[Site "MÄ›stskÃ© kulturnÃ­ stÅ™edisko U labutÄ›"]
[Date "2021.08.27"]
[Round "8.8"]
[White "Elias, Jakub"]
[Black "Chval, Zdenek"]
[Result "1/2-1/2"]
[WhiteElo "1982"]
[BlackElo "1846"]
[PlyCount "0"]
[EventDate "2021.08.21"]

1. e4 c5 2. Nf3 d6 3. d4 cxd4 4. Nxd4 Nf6 5. Nc3 a6 6. Bg5 e6 7. f4 Be7 8. Qf3
Nbd7 9. O-O-O Qc7 10. g4 b5 11. Bxf6 Bxf6 12. Bxb5 axb5 13. Ndxb5 Qa5 14. Nxd6+
Kf8 15. Nxc8 Rxc8 16. e5 Bxe5 17. fxe5 Nxe5 18. Qb7 Qc5 19. Rhf1 g6 20. Rde1 Rc7
21. Qe4 Nc4 22. Rd1 Nxb2 23. Rd8+ Kg7 24. Qd4+ Qxd4 25. Rxd4 Rxc3 26. Kxb2 Rhc8
1/2-1/2

[Event "POHÃ�R mÄ›sta Å˜Ã­Ä�any 2021"]
[Site "MÄ›stskÃ© kulturnÃ­ stÅ™edisko U labutÄ›"]
[Date "2021.08.27"]
[Round "8.9"]
[White "Steiner, Juraj"]
[Black "Ruzicka, Filip"]
[Result "0-1"]
[WhiteElo "1959"]
[BlackElo "1783"]
[PlyCount "0"]
[EventDate "2021.08.21"]

1. d4 Nf6 2. c4 g6 3. Nc3 Bg7 4. e4 d6 5. Be2 O-O 6. Be3 e5 7. d5 Nbd7 8. g4
Nc5 9. f3 a5 10. Qd2 c6 11. g5 Nh5 12. O-O-O Ra6 13. h4 Ng3 14. Rh2 cxd5
15. Nxd5 Nh5 16. Nh3 Kh8 17. Nf2 Be6 18. Ng4 Rc6 19. Ngf6 b5 20. Kb1 bxc4
21. Nxh5 gxh5 22. Bxc4 Nxe4 23. fxe4 Rxc4 24. Bb6 Qc8 25. Qe3 Rxe4 26. Ne7 Bxa2+
27. Ka1 Qc4 28. Qc1 Qa4 29. Qc6 Qxd1+ 30. Kxa2 Ra4+ 0-1

[Event "POHÃ�R mÄ›sta Å˜Ã­Ä�any 2021"]
[Site "MÄ›stskÃ© kulturnÃ­ stÅ™edisko U labutÄ›"]
[Date "2021.08.27"]
[Round "8.10"]
[White "Le, Anh Dung"]
[Black "Svatos, Jan"]
[Result "1/2-1/2"]
[WhiteElo "1779"]
[BlackElo "2198"]
[PlyCount "0"]
[EventDate "2021.08.21"]

1. e4 d5 2. exd5 Nf6 3. d4 Nxd5 4. Nf3 g6 5. Be2 Bg7 6. O-O O-O 7. c4 Nb6
8. Nc3 Nc6 9. Be3 Bg4 10. b3 Bxf3 11. Bxf3 Nxd4 12. Bxb7 Rb8 13. Be4 c5 14. Qc1
Nd7 15. Bh6 Qa5 16. Bxg7 Kxg7 17. Kh1 Rfd8 18. g3 Nf6 19. Bg2 Rd7 20. Nd5 Nxd5
21. cxd5 Qb6 22. Qc4 Rc7 23. Rac1 Qd6 24. Rfd1 Rb4 25. Qd3 a5 26. Rc4 Qb6
27. Rdc1 Kg8 28. h4 a4 29. bxa4 Rb2 30. Qa3 Rxf2 31. a5 Qf6 32. a6 Ra7 33. Qxc5
Rxg2 34. Qxa7 1/2-1/2

[Event "POHÃ�R mÄ›sta Å˜Ã­Ä�any 2021"]
[Site "MÄ›stskÃ© kulturnÃ­ stÅ™edisko U labutÄ›"]
[Date "2021.08.27"]
[Round "8.11"]
[White "Vavrinec, Tomas"]
[Black "Ocelak, Jakub"]
[Result "0-1"]
[WhiteElo "1875"]
[BlackElo "2102"]
[PlyCount "0"]
[EventDate "2021.08.21"]

1. Nf3 g6 2. c4 Bg7 3. g3 Nc6 4. Bg2 e5 5. Nc3 d6 6. O-O f5 7. d3 Nf6 8. Rb1
O-O 9. b4 h6 10. b5 Ne7 11. c5 Be6 12. cxd6 cxd6 13. Qa4 g5 14. Ba3 Ng6 15. Nd2
Kf7 16. Nc4 d5 17. Na5 f4 18. Nb3 b6 19. Nd2 g4 20. Bb2 h5 21. a3 Bh6 22. Rbd1
h4 23. Na2 hxg3 24. hxg3 fxg3 25. fxg3 Be3+ 0-1

[Event "POHÃ�R mÄ›sta Å˜Ã­Ä�any 2021"]
[Site "MÄ›stskÃ© kulturnÃ­ stÅ™edisko U labutÄ›"]
[Date "2021.08.27"]
[Round "8.12"]
[White "Bezdek, Tomas"]
[Black "Blumel, Otto"]
[Result "1-0"]
[WhiteElo "1644"]
[BlackElo "1965"]
[PlyCount "0"]
[EventDate "2021.08.21"]

1. e4 c5 2. c3 d5 3. exd5 Nf6 4. d4 cxd4 5. cxd4 Nxd5 6. Nc3 Nc6 7. Nf3 Bg4
8. Bc4 e6 9. O-O Be7 10. Be3 O-O 11. Bd3 Bf6 12. Be4 Qa5 13. Qb3 Nb6 14. Rad1
Rfd8 15. d5 Nb4 16. d6 Nc6 17. h3 Bh5 18. Rd2 Rd7 19. Rfd1 Rad8 20. Nb5 Nc8
21. Bf4 a6 22. Na3 Bg6 23. Bxc6 bxc6 24. Nc4 Qf5 25. Bg3 Qh5 26. Nfe5 1-0

[Event "POHÃ�R mÄ›sta Å˜Ã­Ä�any 2021"]
[Site "MÄ›stskÃ© kulturnÃ­ stÅ™edisko U labutÄ›"]
[Date "2021.08.27"]
[Round "8.13"]
[White "Skala, Jaromir"]
[Black "Bartos, Vaclav"]
[Result "1/2-1/2"]
[WhiteElo "1887"]
[BlackElo "1879"]
[PlyCount "0"]
[EventDate "2021.08.21"]

1. d4 d5 2. Nf3 Nf6 3. c4 c6 4. Nc3 Nbd7 5. e3 e6 6. Be2 dxc4 7. a4 Nb6 8. O-O
Bb4 9. Qc2 O-O 10. Ne5 c5 11. dxc5 Bxc5 12. Ne4 Nxe4 13. Qxe4 Qd5 14. Bf3 f6
15. a5 Qxe5 16. Qxe5 fxe5 17. axb6 Bxb6 18. Rd1 Rf7 19. Bd2 Rc7 20. Bc3 Rc5
21. Ra4 Kf7 22. Be2 Rd5 23. Rxc4 Bd7 24. Bxe5 Rxd1+ 25. Bxd1 Bc6 26. Rf4+
1/2-1/2

[Event "POHÃ�R mÄ›sta Å˜Ã­Ä�any 2021"]
[Site "MÄ›stskÃ© kulturnÃ­ stÅ™edisko U labutÄ›"]
[Date "2021.08.27"]
[Round "8.14"]
[White "Rousek, Jan"]
[Black "Stanek, Ondrej"]
[Result "1/2-1/2"]
[WhiteElo "1745"]
[BlackElo "2072"]
[PlyCount "0"]
[EventDate "2021.08.21"]

1. d4 Nf6 2. c4 e6 3. g3 d5 4. Nf3 Be7 5. Bg2 O-O 6. O-O dxc4 7. Qc2 a6 8. Qxc4
b5 9. Qc2 Bb7 10. a4 Nbd7 11. Rd1 Be4 12. Qb3 bxa4 13. Qxa4 Nb6 14. Qb3 Qd5
15. Qxd5 Nfxd5 16. Nc3 Bc2 17. Nxd5 Nxd5 18. Re1 1/2-1/2

[Event "POHÃ�R mÄ›sta Å˜Ã­Ä�any 2021"]
[Site "MÄ›stskÃ© kulturnÃ­ stÅ™edisko U labutÄ›"]
[Date "2021.08.27"]
[Round "8.15"]
[White "Holub, Adam"]
[Black "Hrdina, Robin"]
[Result "0-1"]
[WhiteElo "1754"]
[BlackElo "2192"]
[PlyCount "0"]
[EventDate "2021.08.21"]

1. d4 Nf6 2. c4 e6 3. Nc3 Bb4 4. a3 Bxc3+ 5. bxc3 c5 6. e3 b6 7. Bd2 Bb7 8. f3
d6 9. Ne2 Nc6 10. e4 e5 11. d5 Na5 12. Ng3 Qd7 13. Nf5 g6 14. Ne3 Nh5 15. Be2
O-O-O 16. Qc2 Rdf8 17. Nf1 Ba6 18. Bh6 Rd8 19. Nd2 Kb8 20. Rc1 Rhg8 21. g4 Nf4
22. Bxf4 exf4 23. h4 f5 24. g5 Qg7 0-1

[Event "POHÃ�R mÄ›sta Å˜Ã­Ä�any 2021"]
[Site "MÄ›stskÃ© kulturnÃ­ stÅ™edisko U labutÄ›"]
[Date "2021.08.27"]
[Round "8.16"]
[White "Chval, Zdenek"]
[Black "Svetly, Jiri"]
[Result "1-0"]
[WhiteElo "2147"]
[BlackElo "1852"]
[PlyCount "0"]
[EventDate "2021.08.21"]

1. e4 d6 2. d4 Nf6 3. Nc3 g6 4. f4 Bg7 5. Nf3 O-O 6. Bd3 Nc6 7. e5 dxe5 8. dxe5
Nd5 9. Nxd5 Qxd5 10. Qe2 Bg4 11. Be4 Qd7 12. Be3 Rad8 13. O-O Nd4 14. Qc4 Nxf3+
15. Bxf3 Bxf3 16. Rxf3 b6 17. b4 c6 18. a4 Qd5 19. Qxd5 cxd5 20. Bd4 Rc8 21. c3
Rc7 22. b5 f6 23. a5 Rb8 24. axb6 axb6 25. Ra6 fxe5 26. fxe5 Rcb7 27. Kf1 Rf8
28. Ke2 Rf5 29. Rxf5 gxf5 30. h3 h5 31. Kd3 e6 32. Rxb6 Rxb6 33. Bxb6 Bxe5
34. Ba5 Bd6 35. Kd4 Kf7 36. b6 Bh2 37. Kc5 Ke7 38. Kc6 Bg1 1-0

[Event "POHÃ�R mÄ›sta Å˜Ã­Ä�any 2021"]
[Site "MÄ›stskÃ© kulturnÃ­ stÅ™edisko U labutÄ›"]
[Date "2021.08.27"]
[Round "8.17"]
[White "Zvolensky, David"]
[Black "Hrbek, Tomas"]
[Result "1-0"]
[WhiteElo "2136"]
[BlackElo "1833"]
[PlyCount "0"]
[EventDate "2021.08.21"]

1. d4 Nf6 2. c4 e6 3. Nf3 d5 4. Nc3 Be7 5. Bg5 O-O 6. cxd5 exd5 7. e3 c6 8. Bd3
Bg4 9. Qc2 h6 10. Bxf6 Bxf6 11. h3 Bxf3 12. gxf3 Qa5 13. O-O Na6 14. a3 Rfe8
15. b4 Qc7 16. Bxa6 bxa6 17. Nxd5 Qd6 18. Nf4 Rac8 19. Qf5 Qd7 20. Qh5 Rb8
21. Rac1 Rb5 22. Rc5 Rxc5 23. bxc5 Qc7 24. Rb1 Bxd4 25. Nd5 cxd5 26. exd4 Re6
27. Qxd5 Qf4 28. c6 Kh7 29. Qc5 Qg5+ 30. Kf1 1-0

[Event "POHÃ�R mÄ›sta Å˜Ã­Ä�any 2021"]
[Site "MÄ›stskÃ© kulturnÃ­ stÅ™edisko U labutÄ›"]
[Date "2021.08.27"]
[Round "8.18"]
[White "Konvalinka, Vladislav"]
[Black "Aubrecht, Petr"]
[Result "1/2-1/2"]
[WhiteElo "1718"]
[BlackElo "2016"]
[PlyCount "0"]
[EventDate "2021.08.21"]

1. d4 Nf6 2. c4 g6 3. Nf3 Bg7 4. g3 O-O 5. Bg2 d6 6. O-O Nbd7 7. Nc3 a6 8. h3
e5 9. e4 exd4 10. Nxd4 Rb8 11. Bg5 h6 12. Bf4 Re8 13. Re1 Ne5 14. b3 Nh5 15. Be3
c5 16. Nde2 b5 17. cxb5 axb5 18. Rc1 b4 19. Nd5 Ba6 20. Rc2 Nf6 21. Rd2 Nxd5
22. Rxd5 Qa5 23. Qd2 Bf8 24. f4 1/2-1/2

[Event "POHÃ�R mÄ›sta Å˜Ã­Ä�any 2021"]
[Site "MÄ›stskÃ© kulturnÃ­ stÅ™edisko U labutÄ›"]
[Date "2021.08.27"]
[Round "8.19"]
[White "Cermak, Jan"]
[Black "Seidl, Jan"]
[Result "1-0"]
[WhiteElo "1938"]
[BlackElo "1768"]
[PlyCount "0"]
[EventDate "2021.08.21"]

1. e4 c6 2. d4 d5 3. exd5 cxd5 4. c4 Nf6 5. Nf3 Nc6 6. c5 Bg4 7. Bb5 Qc7 8. O-O
e6 9. Nc3 Be7 10. Be3 O-O 11. a3 Ne4 12. Rc1 f5 13. Be2 Rf6 14. h3 Bh5 15. b4
Raf8 16. b5 Nd8 17. Ne5 Bxe2 18. Qxe2 Nf7 19. Nxe4 fxe4 20. b6 axb6 21. cxb6
Qxb6 22. Nd7 Qa5 23. Nxf6+ Bxf6 24. Rb1 Nd6 25. Qg4 Re8 26. Bf4 Nf5 27. Be5 Bxe5
28. dxe5 Qxa3 29. Rxb7 e3 30. Qe2 Qc3 31. g4 Nh6 32. Qxe3 Qxe3 33. fxe3 Rf8
34. Re7 1-0

[Event "POHÃ�R mÄ›sta Å˜Ã­Ä�any 2021"]
[Site "MÄ›stskÃ© kulturnÃ­ stÅ™edisko U labutÄ›"]
[Date "2021.08.27"]
[Round "8.20"]
[White "Pisar, Tomas"]
[Black "Novotny, David"]
[Result "0-1"]
[WhiteElo "1528"]
[BlackElo "1923"]
[PlyCount "0"]
[EventDate "2021.08.21"]

1. d4 e6 2. Nf3 f5 3. g3 Nf6 4. Bg2 Be7 5. O-O O-O 6. c4 d6 7. Nc3 Ne4 8. Qc2
Nxc3 9. bxc3 Nc6 10. d5 Na5 11. Nd4 e5 12. Ne6 Bxe6 13. dxe6 c6 14. Bh3 g6
15. Bh6 Rf6 16. Bg5 Rxe6 17. Bxe7 Rxe7 0-1

[Event "POHÃ�R mÄ›sta Å˜Ã­Ä�any 2021"]
[Site "MÄ›stskÃ© kulturnÃ­ stÅ™edisko U labutÄ›"]
[Date "2021.08.27"]
[Round "8.21"]
[White "Strnad, Michael"]
[Black "Bruna, Matous"]
[Result "1/2-1/2"]
[WhiteElo "1868"]
[BlackElo "1623"]
[PlyCount "0"]
[EventDate "2021.08.21"]

1. e4 c5 2. d4 cxd4 3. c3 dxc3 4. Nxc3 e6 5. Nf3 Nc6 6. Bc4 Bb4 7. O-O Bxc3
8. bxc3 Nge7 9. Bf4 d5 10. exd5 exd5 11. Bb3 O-O 12. Nd4 Ng6 13. Bg3 Qa5 14. Qf3
Nxd4 15. cxd4 Be6 16. h4 Rfc8 17. Rac1 Ne7 18. h5 Nf5 19. Be5 Qd8 20. Bc2 Qg5
21. Qe2 Rc4 22. f4 Qh4 23. Bxf5 Rxc1 24. Rxc1 Bxf5 25. Qb5 Qg3 26. Qxb7 Rf8
27. Qb3 Qxb3 28. axb3 f6 29. Bd6 Rd8 30. Bc5 a6 31. Ra1 Bd3 32. Re1 Be4 33. b4
Rc8 34. Ra1 Bd3 35. Ra3 Bb5 36. Re3 Re8 37. Kf2 Rxe3 38. Kxe3 f5 39. Be7 1/2-1/2

[Event "POHÃ�R mÄ›sta Å˜Ã­Ä�any 2021"]
[Site "MÄ›stskÃ© kulturnÃ­ stÅ™edisko U labutÄ›"]
[Date "2021.08.27"]
[Round "8.22"]
[White "Pavlicek, Petr"]
[Black "Papousek, Michal"]
[Result "1/2-1/2"]
[WhiteElo "1863"]
[BlackElo "1689"]
[PlyCount "0"]
[EventDate "2021.08.21"]

1. Nf3 Nf6 2. d4 c5 3. c4 cxd4 4. Nxd4 e5 5. Nb5 d5 6. cxd5 Bc5 7. e3 O-O
8. N5c3 e4 9. Be2 Qe7 10. Nd2 Rd8 11. a3 a5 12. Qa4 Bf5 13. g4 Bg6 14. Qc4 Re8
15. Nb3 Bd6 16. Qb5 Na6 17. Bd2 Reb8 18. g5 Nd7 19. h4 Nc7 20. Qa4 b5 21. Bxb5
Nxb5 22. Nxb5 Nb6 23. Qd4 Be5 24. Qc5 Qxc5 25. Nxc5 Nxd5 26. Nd4 Bxd4 27. exd4
Rxb2 28. Rh3 Bf5 1/2-1/2

[Event "POHÃ�R mÄ›sta Å˜Ã­Ä�any 2021"]
[Site "MÄ›stskÃ© kulturnÃ­ stÅ™edisko U labutÄ›"]
[Date "2021.08.27"]
[Round "8.23"]
[White "Koper, Stefan"]
[Black "Pejrimovsky, Tadeas Rubel"]
[Result "1-0"]
[WhiteElo "1827"]
[BlackElo "1532"]
[PlyCount "0"]
[EventDate "2021.08.21"]

1. d4 Nf6 2. c4 g6 3. Nc3 d6 4. e4 Bg7 5. Be2 O-O 6. Nf3 e5 7. d5 Nbd7 8. O-O
Nc5 9. Nd2 h6 10. b4 Ncd7 11. Nb3 Nh7 12. Be3 f5 13. f3 f4 14. Bf2 Nhf6 15. c5
Rf7 16. Rc1 g5 17. Na5 Nf8 18. Nc4 Ng6 19. cxd6 cxd6 20. Nb5 Bf8 21. Nxa7 Nd7
22. Nxc8 Rxc8 23. a4 h5 24. a5 h4 25. h3 Nf6 26. Nb6 Rxc1 27. Qxc1 Rc7 28. Qb2
Nh5 29. Rc1 Ng3 30. Bd3 g4 31. fxg4 f3 32. Rxc7 Qxc7 33. Qc2 Qf7 34. Be3 Nf4
35. Bxf4 Qxf4 36. Nc4 fxg2 37. Kxg2 Be7 38. Qd2 Qf7 39. Qh6 Nh1 40. Qe6 Qxe6
41. dxe6 Ng3 42. Ne3 Kf8 43. Nd5 Bd8 1-0

[Event "POHÃ�R mÄ›sta Å˜Ã­Ä�any 2021"]
[Site "MÄ›stskÃ© kulturnÃ­ stÅ™edisko U labutÄ›"]
[Date "2021.08.27"]
[Round "8.24"]
[White "Danhel, Lukas"]
[Black "Voracek, Zdenek"]
[Result "1/2-1/2"]
[WhiteElo "1902"]
[BlackElo "1935"]
[PlyCount "0"]
[EventDate "2021.08.21"]

1. c4 Nf6 2. Nc3 c5 3. g3 d5 4. cxd5 Nxd5 5. Bg2 Nc7 6. Nf3 Nc6 7. O-O e5 8. d3
Be7 9. Nd2 Nd4 10. Nc4 f6 11. f4 exf4 12. Bxf4 O-O 13. Na5 Rb8 14. e3 Nde6
15. Qb3 Qd7 16. Bxc7 Qxc7 17. Nd5 Qxa5 18. Nxe7+ Kf7 19. Nxc8 Rfxc8 20. Bd5 Qb6
21. Qxb6 axb6 22. Rf4 Rd8 23. Bxe6+ Kxe6 24. Rd1 Rd5 25. Kf2 b5 26. a3 g5
27. Rf3 f5 28. Ke2 Rbd8 29. h3 h5 30. Rf2 b6 31. Rg2 Re5 32. Kd2 Kf6 33. Rf2
1/2-1/2

[Event "POHÃ�R mÄ›sta Å˜Ã­Ä�any 2021"]
[Site "MÄ›stskÃ© kulturnÃ­ stÅ™edisko U labutÄ›"]
[Date "2021.08.27"]
[Round "8.26"]
[White "Feierfeil, Jiri"]
[Black "Jankovsky, Zbynek"]
[Result "1-0"]
[WhiteElo "1623"]
[BlackElo "1564"]
[PlyCount "0"]
[EventDate "2021.08.21"]

1. d4 e6 2. c4 b6 3. Nc3 Bb7 4. e4 Bb4 5. Bd3 f5 6. Qe2 Nf6 7. Bg5 fxe4 8. Bxe4
Nc6 9. Nf3 O-O 10. O-O Bxc3 11. bxc3 d5 12. Bc2 Qe8 13. cxd5 exd5 14. Qd3 Qe4
15. Qd2 Qe8 16. Rae1 Qf7 17. Bxf6 Qxf6 18. Re3 Rae8 19. Rfe1 Rxe3 20. Qxe3 Bc8
21. Bb3 Qd6 22. Qg5 Bf5 23. Nh4 h6 24. Nxf5 hxg5 25. Nxd6 cxd6 26. Bxd5+ Kh8
27. Bxc6 1-0

[Event "POHÃ�R mÄ›sta Å˜Ã­Ä�any 2021"]
[Site "MÄ›stskÃ© kulturnÃ­ stÅ™edisko U labutÄ›"]
[Date "2021.08.27"]
[Round "8.27"]
[White "Vit, Zdenek"]
[Black "Petras, Milan"]
[Result "1/2-1/2"]
[WhiteElo "1726"]
[BlackElo "1938"]
[PlyCount "0"]
[EventDate "2021.08.21"]

1. e4 e6 2. d4 d5 3. Nd2 Nf6 4. e5 Nfd7 5. Bd3 c5 6. c3 Nc6 7. Ne2 cxd4 8. cxd4
f6 9. exf6 Qxf6 10. Nf3 Bd6 11. O-O h6 12. Be3 O-O 13. Rc1 Rd8 14. Bb1 Nf8
15. Qd2 Bd7 16. a3 Be8 17. Rc3 Bh5 18. Bf4 Bxf4 19. Qxf4 Qxf4 20. Nxf4 Bxf3
21. Rxf3 Nxd4 22. Re3 Rd6 23. Rfe1 Rc8 24. Rd3 Nc6 1/2-1/2

[Event "POHÃ�R mÄ›sta Å˜Ã­Ä�any 2021"]
[Site "MÄ›stskÃ© kulturnÃ­ stÅ™edisko U labutÄ›"]
[Date "2021.08.27"]
[Round "8.28"]
[White "Pressler, Tobias"]
[Black "Vilimova, Julie"]
[Result "1/2-1/2"]
[WhiteElo "1772"]
[BlackElo "1805"]
[PlyCount "0"]
[EventDate "2021.08.21"]

1. d4 d5 2. Nf3 e6 3. e3 Nf6 4. Bd3 Be7 5. O-O O-O 6. Nbd2 b6 7. c3 Bb7 8. Re1
Nbd7 9. e4 dxe4 10. Nxe4 c5 11. Ng3 cxd4 12. Nxd4 Nc5 13. Bc2 Qd5 14. f3 Rfd8
15. Bf4 Qd7 16. Qe2 Nd5 17. Be3 Bf6 18. Rad1 Ba6 19. Qf2 Qc7 20. Ne4 Nxe4
21. Bxe4 Nxe3 22. Qxe3 Rac8 23. Rd2 h6 24. g3 Bxd4 25. Rxd4 Rxd4 26. Qxd4 Rd8
27. Qa4 Bd3 28. Rd1 Bxe4 29. Rxd8+ Qxd8 30. Qxe4 Qd1+ 1/2-1/2

[Event "POHÃ�R mÄ›sta Å˜Ã­Ä�any 2021"]
[Site "MÄ›stskÃ© kulturnÃ­ stÅ™edisko U labutÄ›"]
[Date "2021.08.27"]
[Round "8.29"]
[White "Kubice, Jakub"]
[Black "Nentvich, Libor"]
[Result "0-1"]
[WhiteElo "1776"]
[BlackElo "1771"]
[PlyCount "0"]
[EventDate "2021.08.21"]

1. d4 Nf6 2. Nf3 c5 3. dxc5 g6 4. c3 Bg7 5. Nbd2 Qc7 6. Nb3 O-O 7. g3 Rd8
8. Bg2 d6 9. cxd6 Rxd6 10. Nfd4 Ng4 11. h3 Nxf2 12. Kxf2 e5 13. e3 exd4 14. exd4
Rd8 15. Bf4 Qb6 16. Qd2 Nc6 17. Rhe1 {neèitelné} 0-1